000 01519nam a22004097a 4500
001 0006754
003 KOHA_MİRAKIL
005 20260207001533.0
007 ta
008 111013b2002 tu |||gr||||#||||0|tur |
020 _a9751932319(tk) 975193348X(c.2)
_c0,01
040 _aTR-BiSEU
_btur
_cTR-BiSEU
_erda
041 0 _atur
044 _ctu
050 _aDS59.K87
_bO86 2002
245 0 _aOsmanlı belgelerinde Ermeni-Fransız ilişkileri, (1918-1919)/
_ceditör Yusuf Sarınay, Seher Dilber...[ve bşk.].
264 1 _aAnkara :
_bBaşbakanlık Başbakanlık. Devlet Arşivleri Genel Müdürlüğü
_c2002
300 _a3 c.
336 _ametin
_btxt
_2rdacontent
337 _aaracısız
_bn
_2rdamedia
338 _acilt
_bnc
_2rdacarrier
490 1 _aBaşbakanlık.
490 1 _aDevlet Arşivleri Genel Müdürlüğü.
490 1 _aOsmanlı Arşivi Daire Başkanlığı yayın ;
_vnu: 61
500 _aArapça metin içermektedir
500 _aDizin var.
650 0 _aKurds--Middle East--History 20th century.
_916675
650 0 _aKurds--Turkey--History.
_916676
650 0 _aKürtler--Orta Doğu--Tarih 20. yy.
_916677
650 0 _aKürtler--Türkiye--Tarih.
_916678
650 0 _aFrance--Politics and government 1870-1940.
_916679
650 0 _aFransa--Siyaset ve yönetim 1870-1940.
_916680
830 1 _aBaşbakanlık.
_916681
830 1 _aDevlet Arşivleri Genel Müdürlüğü.
_916682
830 1 _aOsmanlı Arşivi Daire Başkanlığı yayın ;
_vnu: 61
_916607
942 _2lcc
_cBK
999 _c6735
_d6735